Muốn đúng chính tả /
Muốn đúng chính tả-May nguyen tac ve chinh ta,tư vi chinh ta
Guardado en:
| Autor principal: | |
|---|---|
| Otros Autores: | |
| Formato: | Libro |
| Lenguaje: | Vietnamese |
| Publicado: |
-H :
VHTT,
2010.
|
| Materias: | |
| Etiquetas: |
Agregar Etiqueta
Sin Etiquetas, Sea el primero en etiquetar este registro!
|
| Thư viện lưu trữ: | Mạng thư viện Đại học Đà Nẵng |
|---|
| LEADER | 01156cam a22003251a 4500 | ||
|---|---|---|---|
| 001 | 000033149 | ||
| 003 | 9286 | ||
| 005 | 20240827140531.0 | ||
| 008 | 151016s2010 vm 000 vie | ||
| 041 | |a VIE | ||
| 082 | |a 495.922 |b NG-L | ||
| 100 | |a Nguyễn Lân | ||
| 245 | 0 | |a Muốn đúng chính tả / |c Nguyen Lan. | |
| 260 | |a -H : |b VHTT, |c 2010. | ||
| 300 | |a 126tr; : |b 20cm. | ||
| 520 | |a Muốn đúng chính tả-May nguyen tac ve chinh ta,tư vi chinh ta | ||
| 650 | |a Ngôn ngữ |x Những ngôn ngữ khác | ||
| 653 | |b Nguyễn Lân, 2010, Muốn đúng chính tả, chính tả, từ, thì … | ||
| 700 | |a bien tap: |b Nguyen Van Mươi | ||
| OWN | |a LNN | ||
| AVA | |a UDN50 |b LNN |d 495.922 NG-L |e available |t Error 5001 Not defined in file expand_doc_bib_avail. |f 2 |g 0 |h N |i 0 |k 1 | ||
| 999 | |a From the UDN01 | ||
| AVA | |a UDN50 |b LNN |d 495.922 NG-L |e available |t Error 5001 Not defined in file expand_doc_bib_avail. |f 2 |g 0 |h N |i 0 |k 1 | ||
| TYP | |a Monograph | ||
| TYP | |a Printed language | ||
| 980 | |a Mạng thư viện Đại học Đà Nẵng | ||